| 000 | 00485nam a2200157Ia 4500 | ||
|---|---|---|---|
| 999 |
_c35288 _d35288 |
||
| 003 | OSt | ||
| 005 | 20201221104022.0 | ||
| 008 | 190216s9999||||xx |||||||||||||| ||und|| | ||
| 040 | _coclc | ||
| 082 |
_a503 _bBEN/B |
||
| 100 |
_aBenton, William _97704 |
||
| 245 | 0 |
_aBritannica Yearbook Of Science And The Future 1971 / _cWilliam Benton |
|
| 260 |
_bEncyclopaedia Britannica Inc, _c1971. _aChicago: |
||
| 300 | _a433p | ||
| 942 |
_cREF _2ddc _h503 _iBEN/B _k503 _mBEN/B |
||